Statistics for Rainbow Six Siege Operators Quiz

Click here to take the quiz!

General Stats

  • This quiz has been taken 26,778 times
    (5,122 since last reset)
  • The average score is 54 of 72

Answer Stats

GroupOperator% Correct
FBI SwatAsh
96%
SASSledge
93%
SASMute
91%
SASSmoke
91%
GIGNDoc
89%
FBI SwatThermite
89%
GSG-9Blitz
88%
GIGNRook
88%
FBI SwatCastle
87%
SPETSNAZKapkan
87%
GIGNMontagne
87%
SASThatcher
87%
SPETSNAZFuze
86%
GSG-9Jäger
85%
GIGNTwitch
85%
JTF2Buck
84%
FBI SwatPulse
84%
GSG-9Bandit
83%
SPETSNAZGlaz
83%
JTF2Frost
82%
BOPECaveira
81%
CBRN (GIGN)Lion
81%
GSG-9IQ
80%
SPETSNAZTachanka
80%
NIGHTHAVENAce
79%
Navy SealBlackbeard
79%
CBRN (SPETSNAZ)Finka
78%
Navy SealValkyrie
78%
NIGHTHAVENKali
77%
RecruitRecruit
77%
GEOJackal
76%
GEOMira
76%
SATHibana
75%
GIGRKaid
74%
SASRMozzie
74%
707 SMBVigil
74%
SDUYing
74%
BOPECapitao
73%
R6DFClash
73%
SATEcho
73%
NIGHTHAVENWamai
73%
707 SMBDokkaebi
72%
GROMELA
72%
RedhammerFenrir
72%
SASRGridlock
72%
SDULesion
72%
USSSWarden
72%
UnaffiliatedDeimos
71%
GIGRNomad
70%
RedhammerRam
69%
GROMZofia
69%
GISAlibi
68%
REUIana
68%
GISMaestro
68%
Jaeger CorpsNøkk
68%
UnaffiliatedAzami
67%
ROSZero
67%
APCAAmaru
66%
R6DFMaverick
66%
ITFMelusi
66%
NIGHTHAVENOsa
66%
AFEAUSolis
66%
REUOryx
65%
FESGoyo
64%
NIGHTHAVENAruni
62%
ViperstrikeBrava
62%
SFG/WolfguardSens
62%
UnaffiliatedFlores
61%
NIGHTHAVENGrim
61%
Garda SíochánaThorn
61%
UnaffiliatedThunderbird
57%
WolfguardTubarão
56%

Score Distribution

Percentile by Number Answered

Percent of People with Each Score

Your Score History

You have not taken this quiz since the last reset